Correspondence exhibiting the results of security of the life of Decean shrionjams prepared in 1844 by the agent for govt in 1847 by its successor , Mr Brown procedding which have taken palace regarding these holdings from the of British rule to the prese (Record no. 517210)

MARC details
000 -LEADER
fixed length control field 01024nam a2200265Ia 4500
003 - CONTROL NUMBER IDENTIFIER
control field OSt
005 - DATE AND TIME OF LATEST TRANSACTION
control field 20220925191110.0
008 - FIXED-LENGTH DATA ELEMENTS--GENERAL INFORMATION
fixed length control field 220923b |||||||| |||| 00| 0 eng d
037 ## - SOURCE OF ACQUISITION
Terms of availability General Book
040 ## - CATALOGING SOURCE
Original cataloging agency RTL
Transcribing agency RTL
Language of cataloging eng
041 ## - LANGUAGE CODE
Source of code eng
Language code of text/sound track or separate title eng
110 ## - MAIN ENTRY--CORPORATE NAME
Corporate name or jurisdiction name as entry element Bombay, Inam Commission
9 (RLIN) 240646
245 #0 - TITLE STATEMENT
Title Correspondence exhibiting the results of security of the life of Decean shrionjams prepared in 1844 by the agent for govt in 1847 by its successor , Mr Brown procedding which have taken palace regarding these holdings from the of British rule to the prese
260 ## - PUBLICATION, DISTRIBUTION, ETC.
Place of publication, distribution, etc. Bombay
Name of publisher, distributor, etc. Bombay Education Society's Press India
Date of publication, distribution, etc. 1856
300 ## - PHYSICAL DESCRIPTION
Extent 138p.
Dimensions cm.
490 ## - SERIES STATEMENT
Series statement Selections from the records of the Bomay Government; new series,31
500 ## - GENERAL NOTE
General note Apendixes
650 ## - SUBJECT ADDED ENTRY--TOPICAL TERM
Topical term or geographic name entry element Pension
700 ## - ADDED ENTRY--PERSONAL NAME
Personal name Bombay, Inam Commission
9 (RLIN) 240647
942 ## - ADDED ENTRY ELEMENTS (KOHA)
Classification part X:9581.231.M5, A/GD
Koha item type General Books
Source of classification or shelving scheme Colon Classification (CC)

No items available.

Copyright @ Delhi University Library System